000 00906nam a2200193 i 4500
001 114618
003 ES-MaACL
005 20250902093842.0
007 t|
008 070315s1869 sp ||||1| spa d
110 2 _aReal Sociedad Económica de Amigos del País de la Provincia de Granada
_9138618
245 1 0 _aMemoria correspondiente á los trabajos en que se ocupó la Sociedad Económica de Amigos del País de esta provincia, en el año de 1868 /
_cleida en la sesion general ordinaria celebrada por la misma en 23 de Enero del corriente año de 1869 por ... José Ramos Lopez.
260 _aGranada :
_b[s.n.],
_c1869 (
_fImp. de F. Ventura y Sabatel)
300 _a11 p. ;
_c21 cm.
610 2 4 _aReal Sociedad Económica de Amigos del País de la Provincia de Granada-
_vMemorias.
_9154094
700 1 _aRamos López, José.
_995331
852 _aES-MaACL
_jT-692-F-3
999 _c114618
_d114618